000 02134nam a2200265Ia 4500
003 Ost
005 20260507075229.0
008 260507s9999||||xx |||||||||||||| ||und||
020 _a29446329957
040 _cfsecg
041 _aara
082 _a330
100 _aالتكريتي، هيفاء عبد الرحمن ياسين
_eمؤلف
245 0 _aآليات العولمة الاقتصادية و آثارها المستقبلية في الاقتصاد العربي /
_c هيفاء عبد الرحمن ياسين التكريتي
260 _aعمان:
_bدار الحامد,
_c2009
300 _a648 صفحة؛
_c24 سم
504 _aمراجع ص.635 ،ملاحق ص.621
520 _aمفهوم العولمة ، المرجعية الفكرية و التاريخية للعولمة ، الازمات الاقتصادية و المالية للرأسمالية ، التطورالعلمي و التقني في العالم ، دوافع النظام الرأسمالي للتسريع في بلوغ المرحلة الاخيرة للعولمة : دوافع الهيمة و الاستحواذ ، دافع الخلاص من التضخم الركودي ، دافع ردع التطورالاقتصادي و الثقافي و الاعلامي لدول الجنوب ، تمرير المشروعات الرأسمالية و الصهيونية ،العولة و آليات الاستثمار : تحويل القطاع العام الى القطاع الخاص ، تنششيط الشركات عابرة القوميات ، العولمة و آلية تحرير التجارة الدولية : تحرير التجارة الدولية واحكام السيطرو على الملكية الفكرية ، اعادة ترتيب العالم على أساس التكتلات الاقتصادية ، أثر العولمةعلى مستقبل الاقتصاد العربي .
653 _aالإقتصاد العالمي
653 _aالاقتصاد العربي
653 _aالاقتصاد- البلدان العربية
653 _aالعولمة
653 _aالعولمة الاقتصادية
942 _cكتاب
999 _c43552
_d43552